Les plus grande villes d’Algérie - Statistiques

Statistiques générales
  • Ce quiz a été pris 289 fois
  • Le résultat moyen est 15 sur 40
Statistiques - réponses
Code Wilaya Villes % Correct
4 16 Alger
99%
3 31 Oran
97%
16 06 Béjaïa
82%
5 25 Constantine
80%
6 23 Annaba
71%
36 15 Tizi Ouzou
70%
10 19 Sétif
69%
17 13 Tlemcen
67%
20 27 Mostaganem
62%
7 09 Blida
57%
12 07 Biskra
51%
11 22 Sidi Bel Abbès
50%
2 02 Chlef
49%
29 18 Jijel
47%
15 21 Skikda
45%
8 05 Batna
42%
19 08 Béchar
35%
40 42 Tipaza
32%
21 34 Bordj Bou Arreridj
28%
18 30 Ouargla
28%
1 14 Tiaret
28%
26 47 Ghardaïa
26%
35 29 Mascara
26%
14 39 El Oued
25%
9 17 Djelfa
24%
39 37 Tindouf
24%
13 12 Tébessa
23%
31 24 Guelma
21%
23 26 Médéa
21%
28 28 M’Sila
21%
30 48 Relizane
21%
27 20 Saïda
21%
33 40 Khenchela
17%
38 43 Mila
17%
22 41 Souk Ahras
13%
37 27 Maghnia
10%
25 55 Touggourt
9%
24 19 El Eulma
4%
34 12 Boussada
1%
32 04 Aïe Beïda
0%
Aucun quiz correspondant
Distribution des résultats
% des personnes avec chaque résultat
Percentile par nombre de réponses
Votre historique - résultats
Vous n’avez pas pris ce quiz